Normal view
MARC view
- Stefani, Raymond T. Shahian, Bahram, Savant, Clement.J, Hostetter, Gene.H
Entry Personal Name
001 - CONTROL NUMBER
- control field: 60643
003 - CONTROL NUMBER IDENTIFIER
- control field: NUST
005 - DATE AND TIME OF LATEST TRANSACTION
- control field: 20210628202606.0
008 - FIXED-LENGTH DATA ELEMENTS
- fixed length control field: 210628|| aca||aabn | a|a d
040 ## - CATALOGING SOURCE
- Original cataloging agency: NUST
- Transcribing agency: NUST
100 ## - HEADING--PERSONAL NAME
- Personal name: Stefani, Raymond T. Shahian, Bahram, Savant, Clement.J, Hostetter, Gene.H
670 ## - SOURCE DATA FOUND
- Source citation: Work cat.: (NUST): Stefani, Raymond T. Shahian, Bahram, Savant, Clement.J, Hostetter, Gene.H , DESIGN OF FEEDBACK CONTROL SYSTEM, 2002
